000 00699nam a22002297a 4500
005 20170124110205.0
010 _aA-951181
020 _c00.00
035 _aA-951181
037 _bCen Lib/Ret
040 _aDPL
_bEN
082 _a004.67
_bHOL
100 _aHolden, Greg
_937150
245 _aSmall business Internet for dummies /
_cby Greg Holden
260 _aNew Delhi
_bComdex Computer Publishing
_c1998
270 _bNew Delhi
_a6686, Khari Baoli
_e110006
300 _axx,381p. :
_c24cm(Hb)
_bill.
500 _aIncludes index
650 _aInternet marketing
_97978
650 _aSmall business -- Computer networks
_937151
942 _2ddc
_cEN
_h004.67
_mHOL
999 _c133201
_d133201